| 000 | 00415nam a2200181Ia 4500 | ||
|---|---|---|---|
| 001 | 2705 | ||
| 005 | 20260306144826.0 | ||
| 008 | 260306t2009||||xx |||||||||||||| ||spa|| | ||
| 041 | _aESP | ||
| 082 |
_a213.2 _bL89 |
||
| 100 |
_aLorda, Juan Luis _eAUT |
||
| 245 | 0 | _aAntropología teológica | |
| 260 | _c2009 | ||
| 300 |
_a560 páginas : _c23 cm. |
||
| 650 | _aGEN | ||
| 654 | _aCHU | ||
| 942 |
_cLIB _dJUS _fJUS _2ddc _n |
||
| 999 |
_c2705 _d2705 |
||